| 000 | 01178cam a2200265 i 4500 | ||
|---|---|---|---|
| 003 | SA-RiAUC | ||
| 005 | 20250909111630.0 | ||
| 008 | 250908s2003 sy g 000 0 ara c | ||
| 040 |
_aSA-RiIMS _bara _cSA-RiAUC _erda |
||
| 082 | 0 | 4 |
_a411.5 _qSA-RiAUC |
| 090 |
_a411.5 _bخ و ل |
||
| 100 | 1 |
_aالخولاني، علي بن محمد بن ثابت، _dتوفي 485 هجري _eمؤلف. |
|
| 245 | 1 | 0 |
_aحصر حرف الظاء / _cتأليف أبي الحسن علي بن محمد بن ثابت الخولاني المقري ؛ تحقيق حاتم صالح الضامن. |
| 250 | _aالطبعة الأولى. | ||
| 264 | 1 |
_aدمشق : _bدار البشائر للطباعة والنشر والتوزيع، _c2003 |
|
| 300 |
_a27 صفحة ؛ _c24 × 17 سم. |
||
| 336 |
_aنص _btxt _2rdacontent _3كتاب |
||
| 337 |
_aبدون وسيط _bn _2rdamedia |
||
| 338 |
_aمجلد _bnc _2rdacarrier |
||
| 490 | 0 |
_aسلسلة كتب الضاد والظاء ؛ _v2 |
|
| 650 | 7 |
_aاللغة العربية _xعلم الأصوات _2aucsh |
|
| 700 | 1 |
_aالضامن، حاتم صالح، _d1938-2013 _eمحقق. |
|
| 942 |
_2ddc _cBOOK _n0 |
||
| 949 |
_aSA-JeALM _d250908 _umohamedma123 _n1 |
||
| 999 |
_c11525 _d11525 |
||